000 00468nab a2200145Ia 4500
003 ES-SlBCS
005 20210601134628.0
008 140529s1996 xxu||||| |||| 00| 0 spa d
041 _aspa
100 1 _aLópez Bermúdez, F.
_9220669
245 0 0 _aGeomorfología de la Cueva Negra de Fortuna: génesis y evolución
_c F. López Bermúdez
651 4 _aCueva Negra
_9220668
773 0 _tAntigüedad y Cristianismo
_gnº. 13, 1996, págs. 273-282
_wRev1032
942 _cAR
999 _c615531
_d615531